[Event "Olympiad-44"]
[Site "Chennai"]
[Date "2022.08.01"]
[Round "4.3"]
[White "Nyysti, Sampsa"]
[Black "Yousuf, MM Al Mutawa"]
[Result "1-0"]
[WhiteElo "2363"]
[BlackElo "2120"]
[PlyCount "101"]
[EventDate "2022.07.29"]
[EventType "team-swiss"]
[EventRounds "11"]
[EventCountry "IND"]
[SourceTitle "CBM 210"]
[Source "ChessBase"]
[SourceDate "2022.10.31"]
[SourceVersion "1"]
[SourceVersionDate "2022.10.31"]
[SourceQuality "1"]
[WhiteTeam "Finland"]
[BlackTeam "Qatar"]
[WhiteTeamCountry "FIN"]
[BlackTeamCountry "QAT"]

1. e4 e6 2. d4 d5 3. e5 c5 4. c3 Nc6 5. Nf3 cxd4 6. cxd4 Bb4+ 7. Bd2 Bxd2+ 8. Qxd2 Nge7 9. Nc3 a6 10. Bd3 b5 11. 0-0 Ng6 12. g3 f5 13. h4 Bd7 14. Ne2 0-0 15. Kg2 Qa5 16. Qe3 Nb4 17. Bb1 Rac8 18. h5 Nh8 19. Nc3 Qb6 20. Rh1 Nc6 21. Rh4 Ne7 22. Bd3 Nf7 23. Ne2 Nh6 24. Qg5 Qd8 25. Qd2 Nc6 26. Nf4 Qe7 27. a3 Qd8 28. b4 Qb6 29. Be2 Rc7 30. Nd3 Bc8 31. Nc5 a5 32. Rb1 axb4 33. axb4 f4 34. Rxf4 Rxf4 35. Qxf4 Rf7 36. Qd2 Nf5 37. g4 Nfe7 38. Ng5 Rf8 39. Qd3 g6 40. Qh3 Qa7 41. Nxh7 Kxh7 42. hxg6+ Kxg6 43. Bd3+ Nf5 44. gxf5+ exf5 45. Kh2 Qa2 46. Rg1+ Kf7 47. Qh5+ Ke7 48. Rg7+ Kd8 49. Qg5+ Ke8 50. Qg6+ Kd8 51. Qd6+ 1-0